1587 1144 1739 1065 1730 1219 1143 1903 1220 1572 1492 1224 1992 1273 1698 1510 1133 1398 1959 1928 1905 1343 1836 1460 1348 1197 1730 1062 1297 1146 1439 1280 1310 1443 1141 1957 1518 1093 1546 1410 1586 1734 1027 1037 1131 1320 1840 1142 1278 1418 1957 1464 1674 1828 1112 1113 1845 1014 1644 1197 1234 1345 1117 1223 1073 1814 1015 1505 1837 1910 1571 1647 1872 1287 1712 1289 1002 1020 1123 1515 1886 1227 1608 1592 1064 1393 1525 1050 1700 1911 1823 1358 1836 1945 1623 1155 1790 1411 1114 BCNSPRNW ULIB Ver.6.0+V

เปลี่ยนเป็นภาษาไทย

Change to English
 แสดงรายละเอียดบรรณานุกรม
  กลับหน้าหลัก

Brief Record : Get Marc (ISO 2709) : E-mail record : QR code < ปิดหน้าต่าง
LEADER : 00000nam 2200000uu 4500
001    13399108350
003     ULIB
008    110301s2551||||th 000 0 tha d
020    9789740321309
060 04 WY105^bพ466ค 2551
100 0  พวงทิพย์ ชัยพิบาลสฤษดิ์
245 10 คุณภาพการบริหารการพยาบาล /^cพวงทิพย์ ชัยพิบาลสฤษดิ์
250    พิมพ์ครั้งที่ 1
260    กรุงเทพฯ :^bสำนักพิมพ์แห่งจุฬาลงกรณ์มหาวิทยาลัย,^c2551
300    413 หน้า :^bภาพประกอบ ;^c26 ซม.
650  7 การพยาบาล^xการบริหาร
650  7 บริการการพยาบาล^xการควบคุมคุณภาพ
945    ^p300^l0^i025042
945    ^p300^l0^i025040
945    ^p300^l0^i025039
945    ^p300^l0^i023417
945    ^p300^l0^i025041
995    เกษร
999 ^a ใช้งานได้ทุกระบบ
รายการนี้ยังไม่มีแท็ก
คุณยังไม่ได้ล็อกอิน คุณสามารถมีกิจกรรมร่วมกับเว็บไซต์ได้ แต่ต้องล็อกอินก่อน ::
  ล็อกอิน

รายการสื่อสารสนเทศ

ลำดับที่ ประเภท เลขเรียก/บาร์โค้ด สถานที่ สถานะ
- ไม่พบข้อมูล -

รายการใกล้เคียง
    ผู้แต่ง [พวงทิพย์ ชัยพิบาลสฤษดิ์]

BibComment


ยังไม่เคยถูกคอมเมนท์

คอมเมนท์ทรัพยากรรายการนี้
  คอมเมนท์: คุณภาพการบริหารกา..


 Copyright 2026. Bcnsprnw @Library